All the Ligue 1 Winners - Estadísticas

Estadísticas generales
  • Esta prueba ha sido intentada 269 veces
    33 desde el último reinicio
  • La puntuación promedio es 66 de 85
Estadísticas de respuestas
año Winner % Correcto
1985-86 Paris Saint-Germain
100%
1993-94 Paris Saint-Germain
100%
2012-13 Paris Saint-Germain
100%
2013-14 Paris Saint-Germain
100%
2014-15 Paris Saint-Germain
100%
2015-16 Paris Saint-Germain
100%
2017-18 Paris Saint-Germain
100%
2018-19 Paris Saint-Germain
100%
2019-20 Paris Saint-Germain
100%
2021-22 Paris Saint-Germain
100%
2022-23 Paris Saint-Germain
100%
2023-24 Paris Saint-Germain
100%
1960-61 Mónaco
97%
1962-63 Mónaco
97%
1977-78 Mónaco
97%
1981-82 Mónaco
97%
1987-88 Mónaco
97%
1996-97 Mónaco
97%
1999-00 Mónaco
97%
2016-17 Mónaco
97%
2001-02 Olympique Lyon
97%
2002-03 Olympique Lyon
97%
2003-04 Olympique Lyon
97%
2004-05 Olympique Lyon
97%
2005-06 Olympique Lyon
97%
2006-07 Olympique Lyon
97%
2007-08 Olympique Lyon
97%
1932-33 Lille
93%
1945-46 Lille
93%
1953-54 Lille
93%
2010-11 Lille
93%
2020-21 Lille
93%
1936-37 Olympique Marseille
87%
1947-48 Olympique Marseille
87%
1970-71 Olympique Marseille
87%
1971-72 Olympique Marseille
87%
1988-89 Olympique Marseille
87%
1989-90 Olympique Marseille
87%
1990-91 Olympique Marseille
87%
1991-92 Olympique Marseille
87%
2009-10 Olympique Marseille
87%
1956-57 Saint-Étienne
80%
1963-64 Saint-Étienne
80%
1966-67 Saint-Étienne
80%
1967-68 Saint-Étienne
80%
1968-69 Saint-Étienne
80%
1969-70 Saint-Étienne
80%
1973-74 Saint-Étienne
80%
1974-75 Saint-Étienne
80%
1975-76 Saint-Étienne
80%
1980-81 Saint-Étienne
80%
1997-98 Lens
73%
1949-50 Girondins Bordeaux
70%
1983-84 Girondins Bordeaux
70%
1984-85 Girondins Bordeaux
70%
1986-87 Girondins Bordeaux
70%
1998-99 Girondins Bordeaux
70%
2008-09 Girondins Bordeaux
70%
2011-12 Montpellier
70%
1950-51 Nice
67%
1951-52 Nice
67%
1955-56 Nice
67%
1958-59 Nice
67%
1964-65 Nantes
63%
1965-66 Nantes
63%
1972-73 Nantes
63%
1976-77 Nantes
63%
1979-80 Nantes
63%
1982-83 Nantes
63%
1994-95 Nantes
63%
2000-01 Nantes
63%
1948-49 Stade de Reims
53%
1952-53 Stade de Reims
53%
1954-55 Stade de Reims
53%
1957-58 Stade de Reims
53%
1959-60 Stade de Reims
53%
1961-62 Stade de Reims
53%
1995-96 Auxerre
47%
1935-36 Racing Club Paris
47%
1978-79 Racing Strasbourg
40%
1933-34 Sète
30%
1938-39 Sète
30%
1934-35 Sochaux
27%
1937-38 Sochaux
27%
1946-47 Roubaix-Tourcoing
17%
No se encontraron pruebas coincidentes
Distribución de puntuación
Porcentaje de gente con cada puntuación
Porcentaje por número respondido
Historial de tus puntuaciones
No has intentado esta prueba desde el último reinicio